Pollution problem in raw rubber factories: Perception of an affected community (Record no. 65224)
[ view plain ]
| 000 -LEADER | |
|---|---|
| fixed length control field | 01204nam a2200169Ia 4500 |
| 100 ## - MAIN ENTRY--AUTHOR NAME | |
| Personal name | Kudaligama K V V S |
| 245 #0 - TITLE STATEMENT | |
| Title | Pollution problem in raw rubber factories: Perception of an affected community |
| 260 ## - PUBLICATION, DISTRIBUTION, ETC. (IMPRINT) | |
| Name of publisher | Journal of the National Institute of Plantation Management |
| Year of publication | 2004 |
| 300 ## - PHYSICAL DESCRIPTION | |
| Number of Pages | 30-37 |
| 520 ## - SUMMARY, ETC. | |
| Summary, etc | In management of the pollution problem in raw rubber factories, involvement of affected community ensured the sustainability of such projects. Most of the communities living around the rubber processing factories are severely affected with the pollution problem caused by the factories. A Participatory Rural Appraisal (PRA) was carried out with the affected people. Culloden factory pollution problem gave a correct idea about how the affected people feel the problem. Participants actively engaged in exploring the problem and made their views and ideas. The sense the problem with relation to the climatic changes (mainly rainfall and the dry spells) that occurred in the area for last twenty years. |
| 650 ## - SUBJECT ADDED ENTRY--TOPICAL TERM | |
| Topical Term | Pollution |
| 650 ## - SUBJECT ADDED ENTRY--TOPICAL TERM | |
| Topical Term | Rubber factories |
| 700 ## - ADDED ENTRY--PERSONAL NAME | |
| Personal name | Wijesuriya Wasana |
| 856 ## - ELECTRONIC LOCATION AND ACCESS | |
| Uniform Resource Identifier | Copy of article |
| 942 ## - ADDED ENTRY ELEMENTS (KOHA) | |
| Koha item type | Journals |
| Withdrawn status | Lost status | Damaged status | Not for loan | Home library | Current library | Shelving location | Date acquired | Serial Enumeration / chronology | Koha item type |
|---|---|---|---|---|---|---|---|---|---|
| Journals | RRII Library | RRII Library | Rubber general | 26/09/2006 | Volume 20, Issue 2 | Journals |